000 00365pab a2200145 454500
008 180718b2003 xxu||||| |||| 00| 0 eng d
100 _aChoudhury, Bikramaditya Kumar
245 _aWaste and waste-pickers
260 _c2003
300 _ap.5240-242.
362 _a13 Dec
650 _aWaste treatment
773 _aEconomic and Political Weekly
909 _a58954
999 _c58954
_d58954